Bramki samobójcze w Premier League w sezonie 2023/24 - Statystyki

Ogólne statystyki
  • Ten quiz został rozwiązany 312 razy
  • Średni wynik to 2 z 5
Statystyki odpowiedzi
Miejsce Zawodnik Klub Pozycja Samobóje % Poprawnych
4 Emiliano Martínez Aston Villa Bramkarz 2
99%
5 Antonee Robinson Fulham Lewy obrońca 2
38%
3 Jack Robinson Sheffield United Środkowy obrońca 2
38%
2 Konstantinos Mavropanos West Ham United Środkowy obrońca 2
13%
1 Daiki Hashioka Luton Town Prawy obrońca 2
5%
Nie znaleziono quizów pasujących do podanych kryteriów
Rozkład punktacji
Procent ludzi z każdym wynikiem
Percentyl według liczby udzielonych odpowiedzi
Twoja historia wyników
Nie rozwiązałeś tego quizu